| 000 | 00696nam a22002057a 4500 | ||
|---|---|---|---|
| 005 | 20100728112444.0 | ||
| 010 | _aENG-97200 | ||
| 020 |
_a8177357360 _c35.00 |
||
| 035 | _aEN-80733 | ||
| 037 | _bDBAD/PUB | ||
| 082 | _a632.9 | ||
| 100 |
_aPrabakar, K _92444 |
||
| 245 |
_aPest control / _cby K Prabakar |
||
| 260 |
_aChennai _bPavai Publications _c2008 |
||
| 270 |
_a142, Jani Jan Khan Road Royapettah _bChennai _e600014 |
||
| 300 |
_a76 p _c20 cm. (pbk) |
||
| 500 | _aIncludes references | ||
| 942 |
_2ddc _cEN _h632.9 _mPRA |
||
| 999 |
_c38025 _d38025 |
||